من فاته بر والديه وفضل بر الوالدين والتحذير من عقوقها / (رقم التسجيلة. 4810)

تفاصيل مارك
000 -الفاتح
عناصر البيانات ثابتة الطول 00904cam a2200253 i 4500
005 - تاريخ ووقت آخر معاملة
حقل ضبط 20251224100236.0
008 - عناصر البيانات ثابتة الطول
عناصر البيانات ثابتة الطول 250721s1996 ua gr 000 0 ara d
082 14 - رقم تصنيف ديوي العشري
رقم التصنيف 218,6
رقم المادة ش ه ا
100 1# - مدخل رئيسي – اسم شخصي
الاسم الشخصي الشهاوي، مجدي محمد
علاقة الشخص بالعمل/ دوره مؤلف.
245 10 - بيان العنوان
العنوان من فاته بر والديه وفضل بر الوالدين والتحذير من عقوقها /
بيان المسؤولية مجدي محمد الشهاوي.
250 ## - بيان الطبعة
بيان الطبعة الطبعة الأولى.
264 31 - بيانات النشر، التوزيع…إلخ
مكان النشر، التوزيع...إلخ القاهرة :
اسم الناشر، الموزع...إلخ مكتبة الأيمان للنشر،
تاريخ النشر، التوزيع...إلخ 1996.
300 ## - الوصف المادي
عدد الوحدات المكونة للوعاء 64 صفحة.
650 17 - مدخل إضافي بالموضوع - مصطلح موضوعي
مصطلح موضوعي أو اسم جغرافي كعنصر مدخل الإسلام.
650 17 - مدخل إضافي بالموضوع - مصطلح موضوعي
مصطلح موضوعي أو اسم جغرافي كعنصر مدخل الآداب الإسلامية.
650 17 - مدخل إضافي بالموضوع - مصطلح موضوعي
مصطلح موضوعي أو اسم جغرافي كعنصر مدخل الفضائل.
650 17 - مدخل إضافي بالموضوع - مصطلح موضوعي
مصطلح موضوعي أو اسم جغرافي كعنصر مدخل حقوق الوالدين.
650 17 - مدخل إضافي بالموضوع - مصطلح موضوعي
مصطلح موضوعي أو اسم جغرافي كعنصر مدخل الأمهات.
650 17 - مدخل إضافي بالموضوع - مصطلح موضوعي
مصطلح موضوعي أو اسم جغرافي كعنصر مدخل الأدباء.
650 17 - مدخل إضافي بالموضوع - مصطلح موضوعي
مصطلح موضوعي أو اسم جغرافي كعنصر مدخل الواجبات.
650 17 - مدخل إضافي بالموضوع - مصطلح موضوعي
مصطلح موضوعي أو اسم جغرافي كعنصر مدخل العقوبات.
942 ## - بيانات إضافية (كوها)
نوع التنصيف Dewey Decimal Classification
نوع المادة (كوها) كتب
المقتنيات
حالة السحب حالة الفقدان مصدر التصنيف حالة التلف غير قابل للإعارة المكتبة الرئيسية المكتبة الحالية موقع الرف تاريخ التزويد الرقم المتسلسل Total Checkouts رقم الإستدعاء الباركود تاريخ آخر ظهور تاريخ الفاتورة نوع المادة (كوها)
    Dewey Decimal Classification     المكتبة المركزية المكتبة المركزية الإعارة 06/07/2004 277918   218,6 / ش ه ا 277918 28/07/2025 06/07/2004 كتب
Implemented & Customized by: BBB with SCIT (Smart Chains for Information Technology)

Powered by Koha